[Event "GER-ch Net qual3 U25"]
[Site "Playchess.com INT"]
[Date "2012.09.08"]
[Round "6"]
[White "Huebben, Dominik"]
[Black "Helgert, Johannes"]
[Result "1-0"]
[WhiteElo "1835"]
[BlackElo "2032"]
[PlyCount "31"]
[EventDate "2012.09.08"]
[EventType "swiss (blitz)"]
[EventRounds "7"]
[EventCountry "GER"]
[SourceTitle "CBM 150 Extra"]
[Source "ChessBase"]
[SourceDate "2012.10.19"]
[SourceVersion "1"]
[SourceVersionDate "2012.10.19"]
[SourceQuality "1"]

1. e4 e6 2. d4 d5 3. Nd2 Nf6 4. e5 Nfd7 5. Bd3 c5 6. c3 Nc6 7. Ngf3 cxd4 8. cxd4 f6 9. Ng5 Nxd4 10. Qh5+ g6 11. Bxg6+ Ke7 12. Nf7 Qa5 13. Nxh8 hxg6 14. Nxg6+ Kd8 15. 0-0 Nxe5 16. Nxf8 1-0

[Event "GER-ch Net qual3 U25"]
[Site "Playchess.com INT"]
[Date "2012.09.08"]
[Round "4"]
[White "Schnoor, Ekkehard"]
[Black "Helgert, Johannes"]
[Result "1-0"]
[WhiteElo "1997"]
[BlackElo "2032"]
[PlyCount "67"]
[EventDate "2012.09.08"]
[EventType "swiss (blitz)"]
[EventRounds "7"]
[EventCountry "GER"]
[SourceTitle "CBM 150 Extra"]
[Source "ChessBase"]
[SourceDate "2012.10.19"]
[SourceVersion "1"]
[SourceVersionDate "2012.10.19"]
[SourceQuality "1"]

1. Nf3 e6 2. g3 Nf6 3. Bg2 c5 4. 0-0 Nc6 5. d4 cxd4 6. Nxd4 Be7 7. Nb5 0-0 8. Nd6 Ne8 9. Nxc8 Rxc8 10. c3 d5 11. Nd2 Nf6 12. Qb3 Na5 13. Qa4 a6 14. e4 b5 15. Qd1 d4 16. cxd4 Qxd4 17. Nb3 Qxd1 18. Rxd1 Nc4 19. Nd2 Rfd8 20. b3 Ne5 21. Bb2 Nd3 22. Bxf6 Bxf6 23. e5 Bxe5 24. Bb7 Rc2 25. Nf3 Bd4 26. Be4 Bxf2+ 27. Kf1 Rc3 28. Bxd3 Rdxd3 29. Rxd3 Rxd3 30. Kxf2 Rd2+ 31. Ke3 Rg2 32. Rd1 h6 33. Rd2 Rxd2 34. Nxd2 1-0